[Event "World Senior Championship F50+/F65+"]
[Site "Katerini"]
[Date "2014.10.29"]
[Round "6.6"]
[White "Lauterbach, Ingrid"]
[Black "Abdikasova, Panu"]
[Result "1-0"]
[WhiteElo "2095"]
[BlackElo "1981"]
[EventDate "2014.10.24"]

1. e4 {[%clk 1:30:58]} c5 {[%clk 1:30:52]} 2. Nf3 {[%clk 1:31:23]} d6
{[%clk 1:31:05]} 3. Bb5+ {[%clk 1:31:42]} Bd7 {[%clk 1:31:20]} 4. Bxd7+
{[%clk 1:31:48]} Nxd7 {[%clk 1:31:47]} 5. O-O {[%clk 1:30:41]} Ngf6
{[%clk 1:32:10]} 6. Re1 {[%clk 1:30:45]} e6 {[%clk 1:32:27]} 7. c3
{[%clk 1:30:52]} Be7 {[%clk 1:28:34]} 8. d4 {[%clk 1:28:26]} O-O {[%clk 1:28:19]}
9. Qb3 {[%clk 1:23:17]} Qb6 {[%clk 1:25:45]} 10. Qc2 {[%clk 1:20:07]} Rac8
{[%clk 1:24:57]} 11. Na3 {[%clk 1:17:51]} cxd4 {[%clk 1:24:29]} 12. Nxd4
{[%clk 1:14:39]} a6 {[%clk 1:24:53]} 13. Be3 {[%clk 1:10:29]} Ng4
{[%clk 1:21:44]} 14. Nf5 {[%clk 1:06:52]} Qd8 {[%clk 1:22:08]} 15. Nxe7+
{[%clk 1:05:21]} Qxe7 {[%clk 1:22:34]} 16. Bf4 {[%clk 1:04:22]} Rc6
{[%clk 1:19:47]} 17. Qe2 {[%clk 1:01:22]} Nge5 {[%clk 1:18:18]} 18. Nc2
{[%clk 1:01:13]} Rfc8 {[%clk 1:14:59]} 19. Rad1 {[%clk 0:59:56]} h6
{[%clk 1:04:58]} 20. Nd4 {[%clk 0:51:09]} Rc4 {[%clk 1:04:34]} 21. f3
{[%clk 0:48:45]} b5 {[%clk 1:02:16]} 22. Nb3 {[%clk 0:47:48]} Ra4
{[%clk 1:01:28]} 23. a3 {[%clk 0:47:09]} Nc4 {[%clk 0:58:48]} 24. Bc1
{[%clk 0:46:59]} Ncb6 {[%clk 0:55:23]} 25. Qd3 {[%clk 0:44:31]} Nc5
{[%clk 0:53:52]} 26. Nxc5 {[%clk 0:41:43]} dxc5 {[%clk 0:54:14]} 27. b3
{[%clk 0:38:03]} Ra5 {[%clk 0:47:15]} 28. Qd6 {[%clk 0:34:26]} Qb7
{[%clk 0:44:00]} 29. Be3 {[%clk 0:27:29]} Rc6 {[%clk 0:42:47]} 30. Qd8+
{[%clk 0:26:15]} Kh7 {[%clk 0:43:09]} 31. Bc1 {[%clk 0:21:10]} Rc8
{[%clk 0:39:35]} 32. Qd6 {[%clk 0:20:25]} Rc6 {[%clk 0:39:48]} 33. Qf8
{[%clk 0:19:52]} Rc8 {[%clk 0:37:36]} 34. Rd8 {[%clk 0:19:27]} Rxd8
{[%clk 0:38:01]} 35. Qxd8 {[%clk 0:19:53]} c4 {[%clk 0:38:00]} 36. b4
{[%clk 0:14:07]} Ra4 {[%clk 0:37:19]} 37. Rd1 {[%clk 0:14:11]} a5
{[%clk 0:36:09]} 38. Rd6 {[%clk 0:07:34]} Nc8 {[%clk 0:36:10]} 39. Rd7
{[%clk 0:07:23]} Qb6+ {[%clk 0:36:19]} 40. Qxb6 {[%clk 0:37:47]} Nxb6
{[%clk 1:06:46]} 41. Rb7 {[%clk 0:36:52]} axb4 {[%clk 1:06:37]} 42. cxb4
{[%clk 0:37:17]} Ra6 {[%clk 1:06:41]} 43. Rxf7 {[%clk 0:37:38]} Kg6
{[%clk 1:06:43]} 44. Rb7 c3 {[%clk 1:06:56]} 45. Kf2 {[%clk 0:37:51]} Nc4
{[%clk 1:06:46]} 46. Rxb5 {[%clk 0:36:33]} Nxa3 {[%clk 1:07:09]} 47. Ra5
{[%clk 0:36:14]} Rxa5 {[%clk 1:06:03]} 48. bxa5 {[%clk 0:36:39]} Nb5
{[%clk 1:06:31]} 49. Ke3 {[%clk 0:36:35]} Kf6 {[%clk 1:06:42]} 50. Kd3
{[%clk 0:36:53]} e5 {[%clk 1:06:11]} 51. Kc4 {[%clk 0:37:11]} Na7
{[%clk 1:06:35]} 52. Kxc3 {[%clk 0:37:31]} Ke6 {[%clk 1:07:03]} 53. Kc4
{[%clk 0:37:34]} Kd6 {[%clk 1:07:24]} 54. a6 {[%clk 0:37:52]} Kc6
{[%clk 1:07:45]} 55. Be3 {[%clk 0:38:14]} Nc8 {[%clk 1:08:09]} 56. Bc5
{[%clk 0:38:19]} g6 {[%clk 1:07:51]} 57. a7 {[%clk 0:38:27]} Kb7 {[%clk 1:08:03]}
58. Kd5 {[%clk 0:38:52]} 1-0

[Event "World Senior Championship F50+/F65+"]
[Site "Katerini"]
[Date "2014.10.29"]
[Round "6.7"]
[White "Strutinskaia, Galina"]
[Black "Baliuniene, Margarita"]
[Result "0-1"]
[WhiteElo "2287"]
[BlackElo "1961"]
[EventDate "2014.10.24"]

1. b3 {[%clk 1:30:25]} d5 {[%clk 1:30:43]} 2. Bb2 {[%clk 1:30:38]} c5
{[%clk 1:30:45]} 3. e3 {[%clk 1:30:38]} Nf6 {[%clk 1:30:39]} 4. f4
{[%clk 1:29:18]} Nc6 {[%clk 1:30:25]} 5. Bb5 {[%clk 1:28:50]} Bd7
{[%clk 1:29:48]} 6. Nf3 {[%clk 1:28:46]} e6 {[%clk 1:25:31]} 7. Qe2
{[%clk 1:25:22]} Be7 {[%clk 1:24:21]} 8. O-O {[%clk 1:22:37]} O-O
{[%clk 1:23:40]} 9. d3 {[%clk 1:22:42]} Qb6 {[%clk 1:16:05]} 10. c4
{[%clk 1:19:49]} Rfd8 {[%clk 1:10:19]} 11. Bxc6 {[%clk 1:13:34]} Bxc6
{[%clk 1:10:00]} 12. Nbd2 {[%clk 1:12:06]} a5 {[%clk 1:06:00]} 13. Ne5
{[%clk 1:11:21]} Be8 {[%clk 1:01:52]} 14. a4 {[%clk 1:06:38]} Nd7
{[%clk 0:58:43]} 15. Rab1 {[%clk 1:02:10]} f6 {[%clk 0:56:23]} 16. Nef3
{[%clk 1:01:45]} Nb8 {[%clk 0:51:15]} 17. g4 Nc6 {[%clk 0:49:51]} 18. Rf2
{[%clk 0:52:51]} Nb4 {[%clk 0:46:53]} 19. d4 {[%clk 0:52:13]} Bg6
{[%clk 0:44:13]} 20. f5 {[%clk 0:46:32]} exf5 {[%clk 0:39:42]} 21. Nh4
{[%clk 0:46:50]} fxg4 {[%clk 0:38:37]} 22. Nxg6 {[%clk 0:47:11]} hxg6
{[%clk 0:39:06]} 23. cxd5 {[%clk 0:46:11]} Rxd5 {[%clk 0:36:42]} 24. e4
{[%clk 0:42:12]} Rg5 {[%clk 0:36:21]} 25. d5 {[%clk 0:39:43]} g3 {[%clk 0:32:19]}
26. hxg3 {[%clk 0:40:07]} Rxg3+ {[%clk 0:32:46]} 27. Kh1 {[%clk 0:40:00]} Nd3
{[%clk 0:28:57]} 28. Rh2 {[%clk 0:39:56]} Nxb2 {[%clk 0:28:41]} 29. Qf2
{[%clk 0:39:33]} Rg4 {[%clk 0:25:29]} 30. Rxb2 {[%clk 0:39:16]} Qc7
{[%clk 0:25:10]} 31. Rc2 {[%clk 0:36:56]} Bd6 {[%clk 0:23:52]} 32. Rg2
{[%clk 0:35:23]} Rxg2 {[%clk 0:23:31]} 33. Kxg2 {[%clk 0:35:46]} Kf7
{[%clk 0:23:14]} 34. Nf3 {[%clk 0:34:54]} Rh8 {[%clk 0:21:19]} 35. Kf1
{[%clk 0:33:26]} Rh5 {[%clk 0:17:43]} 36. Qe3 {[%clk 0:32:05]} b6
{[%clk 0:17:49]} 37. Rf2 {[%clk 0:29:43]} Bf4 {[%clk 0:16:48]} 38. Qd3
{[%clk 0:27:07]} Qd7 {[%clk 0:14:58]} 39. Ke2 {[%clk 0:26:58]} Qg4
{[%clk 0:12:19]} 40. Qc4 {[%clk 0:56:33]} Bd6 {[%clk 0:42:17]} 41. Kd2
{[%clk 0:54:41]} Qf4+ {[%clk 0:36:49]} 42. Ke2 {[%clk 0:54:13]} Ke7
{[%clk 0:34:34]} 43. Qd3 {[%clk 0:53:34]} Rh3 {[%clk 0:33:42]} 44. e5
{[%clk 0:49:43]} Bxe5 {[%clk 0:32:02]} 45. Qxg6 {[%clk 0:50:06]} Rg3
{[%clk 0:31:17]} 46. Qh7 {[%clk 0:48:46]} Bd4 {[%clk 0:26:09]} 47. Nxd4
{[%clk 0:48:50]} Qxd4 {[%clk 0:26:29]} 0-1

[Event "World Senior Championship F50+/F65+"]
[Site "Katerini"]
[Date "2014.10.29"]
[Round "6.8"]
[White "Khropova, Larisa"]
[Black "Bogumil, Tatiana"]
[Result "0-1"]
[WhiteElo "2026"]
[BlackElo "2149"]
[EventDate "2014.10.24"]

1. Nf3 {[%clk 1:30:55]} Nf6 {[%clk 1:26:05]} 2. c4 {[%clk 1:31:09]} b6
{[%clk 1:25:06]} 3. Nc3 {[%clk 1:30:40]} Bb7 {[%clk 1:24:44]} 4. d4
{[%clk 1:30:01]} e6 {[%clk 1:24:36]} 5. a3 {[%clk 1:27:47]} Be7 {[%clk 1:20:42]}
6. Bf4 {[%clk 1:24:13]} d5 {[%clk 1:16:30]} 7. cxd5 {[%clk 1:21:06]} exd5
{[%clk 1:13:21]} 8. e3 {[%clk 1:20:07]} O-O {[%clk 1:13:23]} 9. h3
{[%clk 1:19:34]} c5 {[%clk 1:12:54]} 10. Bd3 {[%clk 1:17:15]} Nc6
{[%clk 1:12:54]} 11. O-O {[%clk 1:16:22]} a6 {[%clk 1:09:56]} 12. Rc1
{[%clk 1:13:36]} c4 {[%clk 1:08:11]} 13. Bb1 {[%clk 1:11:40]} Na5
{[%clk 1:07:37]} 14. Qc2 {[%clk 1:10:43]} Nb3 {[%clk 1:05:35]} 15. Rce1
{[%clk 1:08:20]} b5 {[%clk 1:05:09]} 16. Ne5 {[%clk 1:06:01]} g6 {[%clk 1:03:08]}
17. Bh6 {[%clk 1:00:25]} Re8 {[%clk 1:03:22]} 18. f4 {[%clk 0:55:48]} Ne4
{[%clk 0:56:28]} 19. Nxe4 {[%clk 0:51:43]} dxe4 {[%clk 0:55:21]} 20. Rd1
{[%clk 0:45:04]} Bd5 {[%clk 0:49:45]} 21. g3 {[%clk 0:36:42]} f6 {[%clk 0:47:08]}
22. Ng4 {[%clk 0:36:18]} Qd7 {[%clk 0:44:48]} 23. Qg2 {[%clk 0:34:42]} Qf5
{[%clk 0:19:31]} 24. Bg5 {[%clk 0:21:37]} Kg7 {[%clk 0:17:41]} 25. Nh6
{[%clk 0:18:34]} Qd7 {[%clk 0:17:02]} 26. h4 {[%clk 0:16:51]} fxg5
{[%clk 0:14:21]} 27. hxg5 {[%clk 0:17:12]} Bd8 {[%clk 0:11:35]} 28. Qh2
{[%clk 0:14:17]} Ra7 {[%clk 0:11:07]} 29. Qh4 {[%clk 0:13:11]} Qe7
{[%clk 0:07:24]} 30. Ng4 {[%clk 0:09:59]} h5 {[%clk 0:07:34]} 31. Nf6
{[%clk 0:08:39]} Be6 {[%clk 0:05:58]} 32. Rf2 {[%clk 0:01:26]} Rh8
{[%clk 0:06:00]} 33. Bxe4 {[%clk 0:01:37]} Bg4 {[%clk 0:05:58]} 34. Re1
{[%clk 0:01:50]} Ba5 {[%clk 0:06:09]} 35. Ref1 {[%clk 0:01:21]} Nd2
{[%clk 0:06:20]} 36. Bf3 {[%clk 0:01:11]} Qxe3 {[%clk 0:05:53]} 37. Bxg4
{[%clk 0:01:14]} hxg4 {[%clk 0:05:52]} 38. Qxg4 {[%clk 0:01:39]} Nxf1
{[%clk 0:06:08]} 39. Kxf1 {[%clk 0:01:43]} Qe1+ {[%clk 0:06:28]} 0-1

[Event "World Senior Championship F50+/F65+"]
[Site "Katerini"]
[Date "2014.10.29"]
[Round "6.9"]
[White "Khmiadashvili, Tamar"]
[Black "Hoose, Hannelore"]
[Result "1-0"]
[WhiteElo "2090"]
[BlackElo "1757"]
[EventDate "2014.10.24"]

1. c4 {[%clk 1:30:56]} c5 {[%clk 1:30:09]} 2. Nc3 {[%clk 1:31:17]} e6
{[%clk 1:30:06]} 3. e4 {[%clk 1:31:04]} Nc6 {[%clk 1:30:03]} 4. g3
{[%clk 1:31:08]} Be7 {[%clk 1:29:09]} 5. Bg2 {[%clk 1:31:25]} Bf6
{[%clk 1:28:54]} 6. Nge2 {[%clk 1:30:26]} Nd4 {[%clk 1:28:25]} 7. O-O
{[%clk 1:30:21]} d6 {[%clk 1:28:00]} 8. d3 {[%clk 1:30:11]} Ne7 {[%clk 1:27:33]}
9. f4 {[%clk 1:29:52]} Nxe2+ {[%clk 1:27:20]} 10. Nxe2 {[%clk 1:29:14]} Nc6
{[%clk 1:27:27]} 11. g4 {[%clk 1:28:07]} Nd4 {[%clk 1:26:22]} 12. Ng3
{[%clk 1:22:25]} Nc6 {[%clk 1:25:35]} 13. g5 {[%clk 1:20:36]} Bd4+
{[%clk 1:25:42]} 14. Kh1 {[%clk 1:21:01]} g6 {[%clk 1:25:46]} 15. Rb1
{[%clk 1:18:48]} Qc7 {[%clk 1:25:46]} 16. a3 {[%clk 1:16:43]} a5 {[%clk 1:25:38]}
17. Bd2 {[%clk 1:14:36]} Bd7 {[%clk 1:25:51]} 18. Ne2 {[%clk 1:09:26]} Bg7
{[%clk 1:15:53]} 19. Bc3 {[%clk 1:05:24]} Rg8 {[%clk 1:14:38]} 20. Qd2
{[%clk 1:00:05]} b6 {[%clk 1:12:13]} 21. Bxg7 {[%clk 0:53:15]} Rxg7
{[%clk 1:12:29]} 22. Qc3 {[%clk 0:51:52]} Kf8 {[%clk 1:12:16]} 23. Qd2
{[%clk 0:45:39]} Rb8 {[%clk 1:12:21]} 24. d4 {[%clk 0:41:02]} Ne7
{[%clk 1:08:28]} 25. Rfd1 {[%clk 0:36:58]} Be8 {[%clk 1:08:23]} 26. b3
{[%clk 0:34:25]} Ng8 {[%clk 1:07:21]} 27. Nc3 {[%clk 0:29:10]} f5
{[%clk 1:01:24]} 28. d5 {[%clk 0:24:54]} e5 {[%clk 0:56:31]} 29. fxe5
{[%clk 0:24:15]} dxe5 {[%clk 0:56:48]} 30. d6 {[%clk 0:23:47]} Qd7
{[%clk 0:56:41]} 31. Qd5 {[%clk 0:22:44]} Bf7 {[%clk 0:55:25]} 32. Qxe5
{[%clk 0:22:57]} Re8 {[%clk 0:54:40]} 33. Qf4 {[%clk 0:22:17]} Be6
{[%clk 0:53:45]} 34. e5 {[%clk 0:21:44]} Rd8 {[%clk 0:52:30]} 35. a4
{[%clk 0:21:02]} Ke8 {[%clk 0:51:45]} 36. Nd5 {[%clk 0:19:33]} Kf8
{[%clk 0:50:57]} 37. Nxb6 {[%clk 0:18:00]} Qe8 {[%clk 0:50:37]} 38. Nd5
{[%clk 0:17:53]} Qd7 {[%clk 0:50:04]} 39. Nc7 {[%clk 0:16:09]} Bf7
{[%clk 0:49:34]} 40. Re1 {[%clk 0:45:08]} Be6 {[%clk 1:18:55]} 41. Kg1
{[%clk 0:44:52]} Rc8 {[%clk 1:15:45]} 42. Nxe6+ {[%clk 0:44:16]} Qxe6 43. Bd5 Qd7
{[%clk 1:15:24]} 44. e6 {[%clk 0:44:30]} Qa7 {[%clk 1:14:07]} 45. Qe5
{[%clk 0:39:51]} Rd8 {[%clk 1:01:47]} 46. e7+ {[%clk 0:39:38]} Rxe7 47. dxe7+
Qxe7 {[%clk 1:00:21]} 48. Bxg8 {[%clk 0:37:26]} Qxg5+ 49. Qg3 Qxg3+ 50. hxg3 Kxg8
{[%clk 0:56:59]} 51. Rbd1 {[%clk 0:37:36]} Rb8 {[%clk 0:56:01]} 52. Re3
{[%clk 0:37:01]} Kg7 {[%clk 0:56:07]} 53. Rd5 1-0

[Event "World Senior Championship F50+/F65+"]
[Site "Katerini"]
[Date "2014.10.29"]
[Round "6.10"]
[White "Sand, Rosemarie"]
[Black "Ungure, Liga"]
[Result "0-1"]
[WhiteElo "1651"]
[BlackElo "1997"]
[EventDate "2014.10.24"]

1. d4 {[%clk 1:30:56]} Nf6 {[%clk 1:30:56]} 2. c4 {[%clk 1:31:21]} g6
{[%clk 1:31:14]} 3. g3 {[%clk 1:31:38]} Bg7 {[%clk 1:31:26]} 4. Bg2
{[%clk 1:31:57]} O-O {[%clk 1:31:42]} 5. Nf3 {[%clk 1:32:13]} d6 {[%clk 1:31:58]}
6. O-O {[%clk 1:32:16]} Nbd7 {[%clk 1:32:16]} 7. Nc3 {[%clk 1:29:54]} e5
{[%clk 1:31:32]} 8. dxe5 {[%clk 1:28:14]} dxe5 {[%clk 1:30:33]} 9. e4
{[%clk 1:22:17]} c6 {[%clk 1:28:32]} 10. Qc2 {[%clk 1:20:22]} Qc7
{[%clk 1:27:37]} 11. h3 {[%clk 1:18:41]} a5 {[%clk 1:26:34]} 12. a4
{[%clk 1:15:25]} Nc5 {[%clk 1:22:08]} 13. Be3 {[%clk 1:12:44]} Nfd7
{[%clk 1:21:47]} 14. Rad1 {[%clk 1:07:50]} Re8 {[%clk 1:19:06]} 15. Nd2
{[%clk 0:59:47]} Ne6 {[%clk 1:12:09]} 16. Nb3 {[%clk 0:55:50]} b6
{[%clk 0:58:24]} 17. Rc1 {[%clk 0:51:12]} Bf8 {[%clk 0:49:43]} 18. Ne2
{[%clk 0:46:12]} Ndc5 {[%clk 0:45:16]} 19. Nxc5 {[%clk 0:44:27]} Bxc5
{[%clk 0:44:59]} 20. Bxc5 {[%clk 0:40:55]} Nxc5 {[%clk 0:43:33]} 21. b3
{[%clk 0:29:42]} Be6 {[%clk 0:38:06]} 22. f4 {[%clk 0:26:13]} f5 {[%clk 0:36:38]}
23. Nc3 {[%clk 0:20:48]} Rad8 {[%clk 0:32:22]} 24. Rcd1 {[%clk 0:17:24]} Rxd1
{[%clk 0:29:24]} 25. Qxd1 {[%clk 0:14:12]} Rd8 {[%clk 0:27:34]} 26. Qc2
{[%clk 0:13:28]} Rd3 {[%clk 0:26:13]} 27. Ne2 {[%clk 0:11:19]} Qd6
{[%clk 0:21:45]} 28. fxe5 {[%clk 0:10:39]} Qxe5 {[%clk 0:18:33]} 29. Rd1
{[%clk 0:08:28]} fxe4 {[%clk 0:16:30]} 30. Kh2 {[%clk 0:07:33]} Qd6
{[%clk 0:12:27]} 31. Re1 {[%clk 0:07:07]} Rd2 {[%clk 0:10:39]} 32. Qb1
{[%clk 0:06:47]} Nd3 {[%clk 0:09:29]} 33. Ng1 {[%clk 0:05:52]} Nxe1
{[%clk 0:09:22]} 34. Qxe1 {[%clk 0:06:20]} Qd4 {[%clk 0:07:10]} 0-1

[Event "World Senior Championship F50+/F65+"]
[Site "Katerini"]
[Date "2014.10.31"]
[Round "7.1"]
[White "Lauterbach, Ingrid"]
[Black "Gaprindashvili, Nona"]
[Result "1-0"]
[WhiteElo "2095"]
[BlackElo "2299"]
[EventDate "2014.10.24"]

1. e4 {[%clk 1:30:58]} b6 {[%clk 1:30:49]} 2. d4 {[%clk 1:31:06]} Bb7
{[%clk 1:31:18]} 3. Bd3 {[%clk 1:31:05]} e6 {[%clk 1:31:23]} 4. Nf3
{[%clk 1:28:30]} d6 {[%clk 1:30:17]} 5. O-O {[%clk 1:28:13]} g6 {[%clk 1:29:02]}
6. Re1 {[%clk 1:27:50]} Bg7 {[%clk 1:29:19]} 7. a4 {[%clk 1:27:16]} a6
{[%clk 1:29:41]} 8. a5 {[%clk 1:27:25]} c5 {[%clk 1:17:22]} 9. d5
{[%clk 1:24:03]} e5 {[%clk 1:17:11]} 10. axb6 {[%clk 1:15:36]} Bh6
{[%clk 1:07:39]} 11. Bxh6 {[%clk 1:13:38]} Nxh6 {[%clk 1:08:08]} 12. Qd2
{[%clk 1:13:12]} Ng8 {[%clk 1:08:20]} 13. Na3 {[%clk 1:11:48]} Nd7
{[%clk 1:02:10]} 14. b4 {[%clk 1:06:20]} Qxb6 {[%clk 0:59:56]} 15. Reb1
{[%clk 1:03:08]} Bc8 {[%clk 0:58:46]} 16. Nc4 {[%clk 0:58:55]} Qc7
{[%clk 0:58:52]} 17. b5 {[%clk 0:50:45]} axb5 {[%clk 0:56:49]} 18. Rxa8
{[%clk 0:50:27]} bxc4 {[%clk 0:57:15]} 19. Bxc4 {[%clk 0:49:57]} Ngf6
{[%clk 0:55:45]} 20. Qe2 {[%clk 0:38:23]} O-O {[%clk 0:54:46]} 21. Ra2
{[%clk 0:37:03]} Nb6 {[%clk 0:53:31]} 22. Ba6 {[%clk 0:36:04]} c4
{[%clk 0:48:54]} 23. Bxc8 {[%clk 0:34:17]} Rxc8 {[%clk 0:49:21]} 24. Qe3
{[%clk 0:31:01]} Nbd7 {[%clk 0:48:47]} 25. Ra7 {[%clk 0:29:00]} Qc5
{[%clk 0:48:26]} 26. Qxc5 {[%clk 0:26:31]} Nxc5 {[%clk 0:48:53]} 27. Ng5
{[%clk 0:26:49]} Nfxe4 {[%clk 0:41:30]} 28. Nxf7 {[%clk 0:25:48]} Rf8
{[%clk 0:41:37]} 29. Nh6+ {[%clk 0:25:25]} Kh8 {[%clk 0:42:05]} 30. f3
{[%clk 0:24:37]} Nc3 {[%clk 0:37:01]} 31. Rb6 {[%clk 0:20:39]} e4
{[%clk 0:37:20]} 32. Nf7+ {[%clk 0:16:49]} Kg8 {[%clk 0:37:26]} 33. Nh6+
{[%clk 0:17:08]} Kh8 {[%clk 0:37:54]} 34. Nf7+ {[%clk 0:17:28]} Kg8
{[%clk 0:38:24]} 35. Nxd6 {[%clk 0:14:48]} e3 {[%clk 0:36:45]} 36. Nxc4
{[%clk 0:11:23]} Nxd5 {[%clk 0:33:13]} 37. Nxe3 {[%clk 0:06:33]} Nxe3
{[%clk 0:33:37]} 38. Rc6 {[%clk 0:06:41]} 1-0

[Event "World Senior Championship F50+/F65+"]
[Site "Katerini"]
[Date "2014.10.31"]
[Round "7.2"]
[White "Ankudinova, Yelena"]
[Black "Melashvili, Nino"]
[Result "1-0"]
[WhiteElo "2121"]
[BlackElo "2135"]
[EventDate "2014.10.24"]

1. Nf3 {[%clk 1:30:46]} Nf6 {[%clk 1:30:50]} 2. b3 {[%clk 1:30:40]} e6
{[%clk 1:27:05]} 3. Bb2 {[%clk 1:31:02]} Be7 {[%clk 1:27:12]} 4. g4
{[%clk 1:28:46]} h6 {[%clk 1:26:29]} 5. Rg1 {[%clk 1:29:04]} d6 {[%clk 1:22:45]}
6. d4 {[%clk 1:27:57]} c5 {[%clk 1:08:27]} 7. Nc3 {[%clk 1:16:33]} Qa5
{[%clk 0:52:29]} 8. Qd2 {[%clk 1:02:38]} Nc6 {[%clk 0:52:12]} 9. O-O-O
{[%clk 0:53:47]} cxd4 {[%clk 0:44:33]} 10. Nxd4 {[%clk 0:53:56]} Nxd4
{[%clk 0:44:50]} 11. Qxd4 {[%clk 0:54:21]} e5 {[%clk 0:45:15]} 12. Qc4
{[%clk 0:40:24]} Be6 {[%clk 0:39:36]} 13. Qb5+ {[%clk 0:40:27]} Qxb5
{[%clk 0:40:02]} 14. Nxb5 {[%clk 0:40:51]} O-O-O {[%clk 0:40:25]} 15. Nxa7+
{[%clk 0:29:21]} Kb8 {[%clk 0:40:54]} 16. Nb5 {[%clk 0:29:42]} Nxg4
{[%clk 0:40:49]} 17. Rg2 {[%clk 0:26:09]} Rhg8 {[%clk 0:38:25]} 18. Ba3
{[%clk 0:26:21]} Bg5+ {[%clk 0:25:13]} 19. Kb2 {[%clk 0:22:48]} d5
{[%clk 0:18:57]} 20. Bd6+ {[%clk 0:12:20]} Kc8 {[%clk 0:17:24]} 21. h3
{[%clk 0:12:47]} Nf6 {[%clk 0:17:38]} 22. Bxe5 {[%clk 0:12:37]} Bxh3
{[%clk 0:17:52]} 23. Rxg5 {[%clk 0:09:47]} Bxf1 {[%clk 0:17:18]} 24. Na7+
{[%clk 0:07:51]} Kd7 {[%clk 0:17:44]} 25. Bxf6 {[%clk 0:08:09]} hxg5
{[%clk 0:12:14]} 26. Bxd8 {[%clk 0:08:09]} Bxe2 {[%clk 0:11:44]} 27. Rxd5+
{[%clk 0:07:54]} Ke6 {[%clk 0:12:10]} 28. Rd2 {[%clk 0:08:14]} Bf1
{[%clk 0:11:43]} 29. Bxg5 {[%clk 0:08:23]} Ra8 {[%clk 0:11:56]} 30. Be3
{[%clk 0:08:51]} g5 {[%clk 0:12:13]} 31. a4 {[%clk 0:09:06]} f5 {[%clk 0:12:24]}
32. Nb5 {[%clk 0:09:01]} Bxb5 {[%clk 0:11:19]} 33. axb5 {[%clk 0:09:29]} f4
{[%clk 0:11:43]} 34. Bb6 {[%clk 0:09:39]} Rh8 {[%clk 0:11:51]} 35. f3
{[%clk 0:09:23]} Rh3 {[%clk 0:12:04]} 36. Rd3 {[%clk 0:09:31]} Rg3
{[%clk 0:09:40]} 37. Kc3 {[%clk 0:09:41]} g4 {[%clk 0:09:55]} 38. fxg4
{[%clk 0:09:53]} Rxg4 {[%clk 0:10:20]} 39. Rf3 {[%clk 0:09:07]} Kd5
{[%clk 0:09:47]} 40. Kd3 {[%clk 0:39:30]} Rg6 {[%clk 0:39:50]} 41. c4+
{[%clk 0:39:50]} 1-0

[Event "World Senior Championship F50+/F65+"]
[Site "Katerini"]
[Date "2014.10.31"]
[Round "7.3"]
[White "Mednikova, Svetlana"]
[Black "Fatalibekova, Elena"]
[Result "1/2-1/2"]
[WhiteElo "2154"]
[BlackElo "2215"]
[EventDate "2014.10.24"]

1. e4 {[%clk 1:30:57]} e5 {[%clk 1:30:47]} 2. Nf3 Nc6 3. Bb5 {[%clk 1:30:14]} Nf6
{[%clk 1:30:48]} 4. O-O {[%clk 1:30:08]} Nxe4 {[%clk 1:30:18]} 5. d4
{[%clk 1:29:59]} Nd6 {[%clk 1:29:55]} 6. Bxc6 {[%clk 1:29:58]} dxc6
{[%clk 1:29:54]} 7. dxe5 {[%clk 1:30:16]} Nf5 {[%clk 1:29:52]} 8. Qxd8+
{[%clk 1:29:44]} Kxd8 {[%clk 1:30:05]} 9. Rd1+ {[%clk 1:29:41]} Ke8
{[%clk 1:30:23]} 10. Nc3 {[%clk 1:28:15]} Bd7 {[%clk 1:26:27]} 1/2-1/2